Bald Cartoon Characters Quiz Stats

 Plays Quiz Updated Jul 30, 2016

Score 0/20 Timer 05:00
3 Plays Today
% Correct
Homer Simpson (The Simpsons)
99.4%
Popeye (Popeye the Sailor)
97.8%
Stewie Griffin (Family Guy)
90%
Charlie Brown (Peanuts)
89.2%
Elmer Fudd (Looney Tunes)
76.5%
Dopey (Snow White and the Seven Dwarfs)
76.3%
The Thing (Fantastic Four)
74.9%
Wallace (Wallace and Gromit)
74.7%
Tommy Pickles (Rugrats)
70%
Felonius Gru (Despicable Me)
65%
% Correct
Doug Funnie (Doug)
62.9%
Ed (Ed, Edd n Eddy)
60.4%
Mr. Magoo (The Mr. Magoo Show)
55.8%
Avatar Aang (Avatar: The Last Airbender)
46.7%
Mr. Garrison (South Park)
38%
Caillou (Caillou)
38%
Professor Hubert J. Farnsworth (Futurama)
36%
King Candy (Wreck-It Ralph)
28.4%
Lex Luthor (Superman: The Animated Series)
24.2%
Nigel 'Numbuh 1' Uno (Codename: Kids Next Door)
23.6%

You're not logged in!

Compare scores with friends on all Sporcle quizzes.
Join for Free
OR
Log In

You Might Also Like...

Show Comments

Extras

Top Quizzes Today


Score Distribution

Your Account Isn't Verified!

In order to create a playlist on Sporcle, you need to verify the email address you used during registration. Go to your Sporcle Settings to finish the process.

Report this User

Report this user for behavior that violates our Community Guidelines.

Details: